|
|
|
|
| LEADER |
00000nam0a2200000 4500 |
| 001 |
361989 |
| 005 |
20231102011438.0 |
| 035 |
|
|
|a (RuTPU)RU\TPU\retro\19335
|
| 090 |
|
|
|a 361989
|
| 100 |
|
|
|a 20210712d1980 km y0rusy50 ca
|
| 101 |
0 |
|
|a rus
|
| 102 |
|
|
|a RU
|
| 105 |
|
|
|a ac z 001zy
|
| 200 |
0 |
|
|a Избранные труды. Рельеф и современная геодинамика
|f Ю. А. Мещеряков
|g Академия наук СССР, Институт географии
|
| 210 |
|
|
|a Москва
|c Наука
|d 1981
|
| 215 |
|
|
|a 278 с.
|c ил.
|
| 320 |
|
|
|a Библиогр.: с. 263-275
|
| 606 |
1 |
|
|a Рельеф
|x Формирование
|2 stltpush
|3 (RuTPU)RU\TPU\subj\24970
|9 49234
|
| 606 |
1 |
|
|a Геодинамика
|x (геология)
|2 stltpush
|3 (RuTPU)RU\TPU\subj\6028
|9 33993
|
| 610 |
1 |
|
|a геоморфология
|
| 610 |
1 |
|
|a морфоструктурный анализ
|
| 610 |
1 |
|
|a морфометрия
|
| 610 |
1 |
|
|a картографирование
|
| 610 |
1 |
|
|a региональная геология
|
| 675 |
|
|
|a 551.43
|v 3
|
| 675 |
|
|
|a 5512/.3
|v 3
|
| 700 |
|
1 |
|a Мещеряков
|b Ю. А.
|g Юрий Александрович
|
| 712 |
0 |
2 |
|a Академия наук СССР
|b Институт географии
|c (Москва)
|c (1936-1991)
|2 stltpush
|3 (RuTPU)RU\TPU\col\11388
|9 25083
|
| 801 |
|
1 |
|a RU
|b 63413507
|c 20210712
|
| 801 |
|
2 |
|a RU
|b 63413507
|c 20230220
|g RCR
|
| 942 |
|
|
|c BK
|